Recovery - Eminem - Statistics

General Stats
  • This quiz has been taken 20 times
  • The average score is 15 of 19
Answer Stats
Songs Plays Artists % Correct
Love the Way You Lie 2,032,585,952 Eminem, Rihanna
100%
No Love 393,308,852 Eminem, Lil Wayne
100%
Not Afraid 1,241,802,970 Eminem
100%
Cold Wind Blows 119,372,188 Eminem
88%
Going Through Changes 84,703,352 Eminem
88%
Seduction 62,554,209 Eminem
88%
Space Bound 359,381,015 Eminem
88%
Talkin' 2 Myself 98,253,839 Eminem, Kobe Honeycutt
88%
Won't Back Down 119,829,996 Eminem, P!nk
88%
W.T.P. 120,563,770 Eminem
88%
Cinderella Man 363,088,269 Eminem
75%
On Fire 62,313,435 Eminem
75%
Untitled 55,361,237 Eminem
75%
You're Never Over 54,486,888 Eminem
75%
25 To Life 165,545,242 Eminem
63%
Almost Famous 57,293,789 Eminem
63%
Ridaz 4,048,597 Eminem
50%
Session One 5,679,330 Eminem, Slaughterhouse
50%
So Bad 90,280,099 Eminem
50%
No matching quizzes found
Score Distribution
Percent of People with Each Score
Percentile by Number Answered
Your Score History
You have not taken this quiz